Shiver by Asha Banks lyrics - Statistics

General Stats
  • This quiz has been taken 11 times
  • The average score is 247 of 346
Answer Stats
Hint Answer % Correct
a
100%
I
100%
It
100%
it
100%
me
100%
when
100%
And
86%
and
86%
cause
86%
Chorus Cause
86%
Verse 1 | Verse 2 Do
86%
do
86%
feel
86%
in
86%
my
86%
No
86%
to
86%
too
86%
you
86%
You
86%
about
71%
all
71%
as
71%
at
71%
bored
71%
Caught
71%
disaster
71%
Don't
71%
don't
71%
falling
71%
faster
71%
flinch
71%
get
71%
is
71%
know
71%
love
71%
makes
71%
much
71%
name
71%
of
71%
pulling
71%
says
71%
shivers
71%
So
71%
someone
71%
still
71%
That's
71%
that's
71%
the
71%
think
71%
thunder
71%
under
71%
up
71%
want
71%
was
71%
what
71%
back
57%
bitter
57%
creep
57%
for
57%
go
57%
hope
57%
I'd
57%
insane
57%
let
57%
not
57%
sick
57%
sleep
57%
with
57%
But
43%
care
43%
catch
43%
cold
43%
feels
43%
felt
43%
fever
43%
healing
43%
how's
43%
if
43%
it's
43%
like
43%
lose
43%
never
43%
nothing
43%
out
43%
shut
43%
We
43%
Wrap
43%
break
29%
easier
29%
forget
29%
I'm
29%
serious
29%
than
29%
were
29%
No matching quizzes found
Score Distribution
Percent of People with Each Score
Percentile by Number Answered
Your Score History
You have not taken this quiz